Economics of Crop Diversificationin Villpuram District, Tamil Nadu/ (Record no. 211803)

MARC details
000 -LEADER
fixed length control field 00747nam a22002057a 4500
005 - DATE AND TIME OF LATEST TRANSACTION
control field 20250613160710.0
010 ## - LCCN (DPL NO)
LC control number ENG-145345
020 ## - INTERNATIONAL STANDARD BOOK NUMBER
Terms of availability 200.00
International Standard Book Number 9789386501448
035 ## - SYSTEM CONTROL NUMBER
System control number EN-128877
037 ## - SOURCE OF ACQUISITION
Source of stock number/acquisition DBAD/PUB
082 ## - DEWEY DECIMAL CLASSIFICATION NUMBER
Classification number 338.1095431
Edition number 1
100 ## - MAIN ENTRY--PERSONAL NAME
Personal name Kalaiselvi, V.K.
245 ## - TITLE STATEMENT
Title Economics of Crop Diversificationin Villpuram District, Tamil Nadu/
Statement of responsibility, etc V.K. Kalaiselvi [and] T.S. Kalyani
250 ## - EDITION STATEMENT
Edition statement 1
260 ## - PUBLICATION, DISTRIBUTION, ETC. (IMPRINT)
Name of publisher, distributor, etc Archers & Elevators Publishing House
Place of publication, distribution, etc Bangalore
Date of publication, distribution, etc 2018
270 ## - ADDRESS
Address 131 AGB Lay Out, 6"Cross, Hesaraghatta,Main Road
City Bangalore
Postal code 560090
Telephone number 9164362263
Electronic mail address archerselevators@gamail.com
300 ## - PHYSICAL DESCRIPTION
Extent 124p.
Dimensions 23cm(pbk)
700 ## - ADDED ENTRY--PERSONAL NAME
Personal name Kalyani, T.S.
Relator term Author
9 (RLIN) 82027
942 ## - ADDED ENTRY ELEMENTS (KOHA)
Source of classification or shelving scheme Dewey Decimal Classification
Item type English Books
Classification part 338.1095431
Call number suffix KAL
Holdings
Withdrawn status Lost status Not for loan Collection code Home library Current library Date acquired Source of acquisition Cost, normal purchase price Full call number Barcode Copy number Cost, replacement price Koha item type
      Non-fiction RC3 Shakur Pur RC3 Shakur Pur 13/06/2025 Delivery of Books Act Division 200.00 338.1095431 KAL EN-128877 1 200.00 English Books

© Delhi Public Library
Hit Counter
free hit counter